| 000 | 01218nam0a2200337 4500 | ||
|---|---|---|---|
| 001 | RU\NLR\BIBL_A\022037183 | ||
| 005 | 20231114175342.0 | ||
| 010 |
_a978-5-04-188649-3 _93000 |
||
| 021 |
_aRU _bКН-П-23-054404 _9КН-П-23-5459 |
||
| 035 | _a(NLR Aleph) 022037183 | ||
| 035 | _a(RuMoRGB)012051944 | ||
| 090 |
_a12557836 _c12557836 |
||
| 100 | _a20230928d2023 u y0rusy50 ca | ||
| 101 | 1 |
_arus _cjpn |
|
| 102 | _aRU | ||
| 105 | _aa z 000ay | ||
| 181 | 0 |
_ai3 _baxxe |
|
| 182 | 0 | _an | |
| 200 | 1 |
_aДом кривых стен _e[роман] _fСодзи Симада _g[перевод с японского С. Логачева] |
|
| 203 |
_aТекст _bвизуальный _cнепосредственный |
||
| 210 |
_aМосква _cЭксмо _d2023 |
||
| 215 |
_a317, [1] с. _cил. _d20 |
||
| 225 | 1 | _aХонкаку-детектив | |
| 333 | _a16+ | ||
| 686 | 1 | _aШ6(5Я)67-440.4{Лх2318-50} | |
| 700 | 1 |
_aСимада _bС. _f1948- _gСодзи _3RU\NLR\AUTH\770205147 |
|
| 702 | 1 |
_aЛогачев _bС. И. _f1953- _gСергей Иванович _3RU\NLR\AUTH\770249853 _4730 |
|
| 942 | _cBOOK | ||
| 980 | _aNB | ||